| 000 | 01362nam a2200409 i 4500 | ||
|---|---|---|---|
| 001 | 39821 | ||
| 003 | KOSZ 005 | ||
| 005 | 20221004140409.0 | ||
| 008 | 981010s1998 pl f |000 0 pol d | ||
| 020 | _a838711507X | ||
| 040 |
_cKOSZ 005 _aKOSZ 005 _dKOSZ 005/HR |
||
| 041 | 1 |
_apol _heng |
|
| 046 | _k1998 | ||
| 080 | _a336.76(07) | ||
| 100 | 1 |
_aAchelis, Steven B. _eAutor |
|
| 245 | 1 | 0 |
_aAnaliza techniczna od A do Z / _cSteven B. Achelis ; tł. [Jacek Tomaszewski]. |
| 260 |
_aWarszawa : _bLT&P, _ccop.1998. |
||
| 300 |
_aXIII, 308 s. : _bwykr. ; _c24 cm. |
||
| 336 |
_2rdacontent _aTekst _btxt |
||
| 337 |
_2rdamedia _aBez urządzenia pośredniczącego _bn |
||
| 338 |
_2rdacarrier _aWolumin _bnc |
||
| 380 | _aKsiążki | ||
| 388 | _a1901-2000 | ||
| 388 | _a1989-2000 | ||
| 650 | 7 | _aAnaliza techniczna (metoda ekonomiczna) | |
| 650 | 7 | _aGiełda towarowa | |
| 650 | 7 | _aInwestycje | |
| 650 | 7 | _aPapiery wartościowe | |
| 650 | 7 | _aRynek kapitałowy | |
| 650 | 7 | _aTransakcja terminowa | |
| 655 | _aPodręcznik | ||
| 658 | _aGospodarka, ekonomia, finanse | ||
| 700 | 1 |
_aTomaszewski, Jacek _c(ekonomia) _eTłumaczenie |
|
| 710 | _aLT&P | ||
| 856 |
_uhttp://koha.tu.koszalin.pl/cgi-bin/koha/opac-detail.pl?biblionumber=39821 _yKatalog online BPK |
||
| 942 |
_cKS _2UKD |
||
| 999 |
_c39821 _d39821 |
||